Aktuálny vývoj migrácie a migračnej politiky v Slovenskej republike
Prehľad aktuálneho vývoja v oblasti migrácie a migračnej politiky na Slovensku. Hlavné parametre makroekonomického vývoja za obdobie uplynulých rokov a vývoj v oblasti trhu práce.
Na minha lista:
| Autor principal: | |
|---|---|
| Formato: | Capítulo de Livro |
| Idioma: | eslovaco |
| Assuntos: | |
| Tags: |
Sem tags, seja o primeiro a adicionar uma tag!
|
MARC
| LEADER | 00000nla a2200000 4500 | ||
|---|---|---|---|
| 001 | 0241157 | ||
| 005 | 20240417075133.4 | ||
| 041 | 0 | |a slo | |
| 044 | |a SK | ||
| 245 | 1 | 0 | |a Aktuálny vývoj migrácie a migračnej politiky v Slovenskej republike |c Martina Lubyová |
| 520 | |a Prehľad aktuálneho vývoja v oblasti migrácie a migračnej politiky na Slovensku. Hlavné parametre makroekonomického vývoja za obdobie uplynulých rokov a vývoj v oblasti trhu práce. | ||
| 610 | 2 | 0 | |a migrácia |
| 610 | 2 | 0 | |a trh práce |
| 610 | 2 | 0 | |a politika zamestnanosti |
| 610 | 2 | 0 | |a politika migračná |
| 610 | 2 | 0 | |a Slovensko |
| 100 | 1 | |a Lubyová, Martina | |